Zahraničný obchod Nemecka diplomová práca

Salvato in:
Dettagli Bibliografici
Autore principale: Jančovičová, Ivana
Ente Autore: Fakulta medzinárodných vzťahov EU. Katedra medzinárodných ekonomických vzťahov a hospodárskej diplomacie
Altri autori: Jančíková, Eva, 1960-
Natura: Libro
Lingua:slovacco
Pubblicazione: Bratislava 2017
Tags: Aggiungi Tag
Nessun Tag, puoi essere il primo ad aggiungerne!!

MARC

LEADER 00000nbm a2200000 4500
001 0232038
005 20180220154615.8
041 0 |a slo 
044 |a SK 
245 1 0 |a Zahraničný obchod Nemecka  |b diplomová práca  |c Ivana Jančovičová ; školiteľ: Eva Jančíková 
264 1 |a Bratislava  |c 2017 
300 |a 58 s. 
100 1 |a Jančovičová, Ivana 
700 1 |a Jančíková, Eva, 1960- 
710 2 |a Fakulta medzinárodných vzťahov EU. Katedra medzinárodných ekonomických vzťahov a hospodárskej diplomacie